Proyecto de activación de la inteligencia: 4 Primaria

Збережено в:
Бібліографічні деталі
Автор: Baqués Trenchs, Mariano (Автор)
Формат: Книга
Мова:Іспанська
Опубліковано: Madrid SM 1995
Предмети:
Теги: Додати тег
Немає тегів, Будьте першим, хто поставить тег для цього запису!

MARC

LEADER 00000nam a2200000 a 4500
001 UCS9570
003 CL-VaPUC
008 971121e19950000SP |||||||||||||||||spa|d
082 0 4 |a 370.152  |b BAQ  |2 21 
100 0 |a Baqués Trenchs, Mariano  |e author  |9 394762 
245 1 0 |a Proyecto de activación de la inteligencia: 4 Primaria 
300 |a 111 p 
942 |c BK 
945 |d 19971121 00:00:00  |a rleighto 
260 |a Madrid  |b SM  |c 1995 
650 0 |a Inteligencia  |9 267038 
650 0 |a Desarrollo cognitivo  |9 311398 
650 0 |a Educación básica   |9 224933 
650 0 |a Métodos de enseñanza  |9 270413 
583 |a last modification  |c 20150107 01:06:52  |k Rodrigo Vera 
999 |c 263351  |d 263349 
952 |0 0  |1 0  |4 0  |6 370_152000000000000_BAQ_1995  |7 0  |8 A  |9 292606  |a BIBEDU  |b BIBEDU  |d 2019-11-19  |i 3364119  |l 4  |o 370.152 BAQ 1995  |p 3364119  |r 2025-04-16  |s 2025-04-16  |w 2019-11-19  |y BK  |k EPE